000 00748cam a2200181 4500
001 ABS60887
008 000000n1999 000 0 eng u
035 _a(Sirsi) u101408
100 _aLeitch, J.
245 2 _aA new corporate body?
260 _c1999
490 _aContract Journal
_v399(6233) 7 July 1999, 16-17(2)
520 _aIntroduces the concept of 'virtual companies' where different types of company work together using common systems to achieve the same goal. The idea is a development of supply chain management, which many in the construction industry see as the way ahead.
650 _aSUPPLY CHAIN MANAGEMENT
650 _aMANAGEMENT-BUSINESS MANAGEMENT
690 _aBUILT ENVIRONMENT-BUILDING CONTRACT FORMS
942 _n0
999 _c60551
_d60551